Aula de pintura : exposició del segon trimestre : curs 2000/01 exposició del segon trimestre :
Descripción Física:
1 f. plegat en 4 parts : il. col., fot. ; 17 x 36 cm plegat a 17 x 7 cm
MARC
| LEADER | 00000nam a2200000Ia 4500 | ||
|---|---|---|---|
| 001 | 24338 | ||
| 003 | BGR | ||
| 005 | 20260324180604.0 | ||
| 008 | 160829s9999 xx 000 0 cat d | ||
| 080 | |a FU-64-153 | ||
| 245 | |a Aula de pintura : |b exposició del segon trimestre : |b curs 2000/01 | ||
| 260 | |a Barcelona : |b Diputació de Barcelona. Àrea d'Educació. Escola d'Arts i Oficis, [2000] | ||
| 300 | |a 1 f. plegat en 4 parts : |b il. col., fot. ; |c 17 x 36 cm plegat a 17 x 7 cm | ||
| 590 | |a Fulletó informatiu de 2 exposicions, titulades: "Poètica" (febrer) i "Still life" (del 5 de març al 6 d'abril) a l'Escola d'Arts i Oficis | ||
| 610 | 2 | 0 | |a Escola d'Arts i Oficis (Barcelona, Catalunya) |v Exposicions |9 55876 |
| 710 | 2 | |a Escola d'Arts i Oficis (Barcelona, Catalunya) |9 55874 | |
| 901 | |a Arxiu | ||
| 942 | |n 1 |2 udc |c MON | ||
| 952 | |0 0 |1 0 |4 0 |6 FU64153 |7 1 |9 55327 |a Arxiu |b Arxiu |d 2016-12-01 |l 0 |o FU-64-153 |p 24338 |r 2016-12-01 00:00:00 |w 2016-12-01 |y ARXIU | ||
| 999 | |c 59200 |d 59200 | ||